Комплексирование радиоизотопных, радиографических и электронномикроскопических методов при изучении радиоэкологических обстановок на загрязненных территориях; Тяжелые металлы и радионуклиды в окружающей среде; Т. 2

Λεπτομέρειες βιβλιογραφικής εγγραφής
Parent link:Тяжелые металлы и радионуклиды в окружающей среде: материалы VII Международной научно-практической конференции, 4-8 октября 2012 г., г. Семипалатинск (Семей)/ Семипалатинский государственный педагогический институт ; Российская академия наук (РАН), Институт геохимии и аналитической химии (ГЕОХИ) ; Московский государственный университет им. М. В. Ломоносова (МГУ) ; Национальный исследовательский Томский политехнический университет (ТПУ) ; Российская академия наук (РАН), Сибирское отделение (СО), Институт почвоведения и агрохимии (ИПА) ; под ред. М. А. Бектемесова.— , 2012.— 978-601-7332-72-3
Т. 2.— 2012.— С. 357-363
Κύριος συγγραφέας: Бахур А. Е.
Άλλοι συγγραφείς: Шишков И. А., Мануилова Л. И., Овсянникова Т. М., Зуев Д. М., Стародубов А. В.
Γλώσσα:Ρωσικά
Έκδοση: 2012
Σειρά:Новые методы определения тяжелых металлов и радионуклидов в природной объектах
Θέματα:
Μορφή: MixedMaterials Κεφάλαιο βιβλίου
KOHA link:https://koha.lib.tpu.ru/cgi-bin/koha/opac-detail.pl?biblionumber=260746

MARC

LEADER 00000naa2a2200000 4500
001 260746
005 20231031221256.0
035 |a (RuTPU)RU\TPU\book\283716 
035 |a RU\TPU\book\283715 
090 |a 260746 
100 |a 20140518d2012 k y0rusy50 ca 
101 0 |a rus 
102 |a RU 
200 1 |a Комплексирование радиоизотопных, радиографических и электронномикроскопических методов при изучении радиоэкологических обстановок на загрязненных территориях  |f А. Е. Бахур [и др.] 
225 1 |a Новые методы определения тяжелых металлов и радионуклидов в природной объектах 
461 1 |0 (RuTPU)RU\TPU\book\270768  |y 978-601-7332-72-3  |t Тяжелые металлы и радионуклиды в окружающей среде  |o материалы VII Международной научно-практической конференции, 4-8 октября 2012 г., г. Семипалатинск (Семей)  |f Семипалатинский государственный педагогический институт ; Российская академия наук (РАН), Институт геохимии и аналитической химии (ГЕОХИ) ; Московский государственный университет им. М. В. Ломоносова (МГУ) ; Национальный исследовательский Томский политехнический университет (ТПУ) ; Российская академия наук (РАН), Сибирское отделение (СО), Институт почвоведения и агрохимии (ИПА) ; под ред. М. А. Бектемесова  |d 2012 
463 1 |0 (RuTPU)RU\TPU\book\269462  |t Т. 2  |v С. 357-363  |d 2012  |p 713 с. 
610 1 |a комплексирование 
610 1 |a радиоизотопные методы 
610 1 |a радиографические методы 
610 1 |a электронномикроскопические методы 
610 1 |a радиоэкологическая обстановка 
610 1 |a загрязненные территории 
700 1 |a Бахур  |b А. Е. 
701 1 |a Шишков  |b И. А. 
701 1 |a Мануилова  |b Л. И. 
701 1 |a Овсянникова  |b Т. М. 
701 1 |a Зуев  |b Д. М. 
701 1 |a Стародубов  |b А. В. 
801 1 |a RU  |b 63413507  |c 20140507 
801 2 |a RU  |b 63413507  |c 20140518  |g RCR 
942 |c BK